100 Artists, 100 Most Popular Songs - Statistics

General Stats
  • This quiz has been taken 79 times
  • The average score is 24 of 100
Answer Stats
Hint Answer % Correct
The Weeknd Blinding Lights
81%
Ed Sheeran Shape Of You
81%
Ariana Grande 7 Rings
72%
Harry Styles As It Was
67%
Queen Bohemian Rhapsody
56%
Miley Cyrus Flowers
56%
Britney Spears Toxic
54%
Coldplay Yellow
54%
Shakira Hips Don't Lie
52%
Nirvana Smells Like Teen Spirit
50%
Pharrell Williams Happy
48%
Imagine Dragons Believer
46%
Michael Jackson Billie Jean
46%
Taylor Swift Cruel Summer
46%
The Kid LAROI STAY
44%
Smash Mouth All Star
41%
Bon Jovi Livin' On A Prayer
41%
Drake One Dance
39%
Evanescence Bring Me To Life
35%
Justin Bieber Love Yourself
35%
SZA Kill Bill
33%
Lana Del Rey Summertime Sadness
33%
Eminem Without Me
33%
OneRepublic Counting Stars
31%
Outkast Hey Ya!
31%
Linkin Park In The End
31%
50 Cent In Da Club
30%
Juice WRLD Lucid Dreams
30%
Shawn Mendes Señorita
30%
NSYNC Bye Bye Bye
28%
The Chainsmokers Closer
28%
Beyonce Halo
28%
Flo Rida Low
28%
Adele Someone Like You
28%
AC/DC Thunderstruck
28%
Usher Yeah!
28%
Playboi Carti FE!N
26%
XXXTENTACION SAD!
26%
2Pac California Love
24%
Marshmello Happier
24%
Mike Posner I Took A Pill In Ibiza (Seeb Remix)
24%
Justin Timberlake CAN'T STOP THE FEELING
22%
Gorillaz Feel Good Inc.
22%
Kendrick Lamar HUMBLE.
22%
Black Eyed Peas I Gotta Feeling
22%
Twenty One Pilots Stressed Out
22%
Dua Lipa Don't Start Now
20%
Macklemore Can't Hold Us
19%
Bruno Mars Die With A Smile
19%
Travis Scott Goosebumps
19%
Whitney Houston I Wanna Dance With Somebody
19%
Wiz Khalifa See You Again
19%
Led Zeppelin Stairway To Heaven
19%
Dr. Dre Still D.R.E.
19%
Pitbull Timber
19%
Daft Punk Get Lucky
17%
Kanye West Heartless
17%
The Beatles Here Comes The Sun
17%
Billie Eilish Lovely
17%
LMFAO Party Rock Anthem
17%
Maroon 5 Payphone
17%
Lady Gaga Shallow
17%
Post Malone Sunflower
17%
Elvis Presley Can't Help Falling In Love
15%
Alan Walker Faded
15%
Future Mask Off
15%
One Direction Night Changes
15%
Dido Thank You
15%
Lil Uzi Vert XO Tour LIF3
15%
Ne-Yo Give Me Everything
13%
The Notorious B.I.G. Hypnotize
13%
Will.i.am Scream & Shout
13%
Snoop Dogg Young, Wild and Free
13%
MGMT Kids
11%
The Rolling Stones Paint It, Black
11%
Gym Class Heroes Stereo Hearts
11%
Jay-Z Ni**as In Paris
9%
J. Cole No Role Modelz
9%
Calvin Harris One Kiss
9%
Frank Ocean Pink + White
9%
A$AP Rocky Praise The Lord
9%
Rihanna We Found Love
9%
Pop Smoke What You Know Bout Love
9%
Elton John Cold Heart
7%
21 Savage Creepin'
7%
Steve Lacy Dark Red
7%
Alicia Keys If I Ain't Got You
7%
Don Toliver No Idea
7%
Limp Bizkit Break Stuff
6%
Daddy Yankee Con Calma
6%
Kid Cudi Day 'N' Nite (Nightmare)
4%
Madonna Popular
4%
Nelly Dilemma
2%
Trippie Redd F**k Love
2%
Metro Boomin Ric Flair Drip
2%
The Neighbourhood Sweather Weather
2%
Nicki Minaj Tusa
2%
Chris Brown Under The Influence
2%
Bob Marley Is This Love
0%
Bad Bunny La Canción
0%
No matching quizzes found
Score Distribution
Percent of People with Each Score
Percentile by Number Answered
Your Score History
You have not taken this quiz